[Event "Dresden ZMD op-C 21th"]
[Site "Dresden"]
[Date "2012.08.19"]
[Round "2"]
[White "Lipin, Boris"]
[Black "Gabriel, Wolfram"]
[Result "1/2-1/2"]
[WhiteElo "1694"]
[BlackElo "1562"]
[PlyCount "54"]
[EventDate "2012.08.18"]
[EventType "swiss"]
[EventRounds "9"]
[EventCountry "GER"]
[SourceTitle "CBM 150 Extra"]
[Source "ChessBase"]
[SourceDate "2012.10.19"]
[SourceVersion "1"]
[SourceVersionDate "2012.10.19"]
[SourceQuality "1"]

1. d4 Nf6 2. c4 e6 3. Nc3 d5 4. Bg5 Nbd7 5. e3 Be7 6. Nf3 0-0 7. Bd3 h6 8. Bh4 b6 9. 0-0 Bb7 10. Rc1 dxc4 11. Bxc4 Ne4 12. Bxe7 Qxe7 13. Bd3 f5 14. Bc4 Rfd8 15. Qb3 Nf8 16. Ne5 Nd2 17. Qc2 Nxc4 18. Nxc4 Ba6 19. Ne2 c5 20. Qa4 Qb7 21. Qb3 b5 22. Ne5 c4 23. Qb4 Qb6 24. Nc3 Rab8 25. f4 Bc8 26. a4 a6 27. axb5 axb5 1/2-1/2

[Event "Dresden ZMD op-C 21th"]
[Site "Dresden"]
[Date "2012.08.18"]
[Round "1"]
[White "Schiessl, Hanns"]
[Black "Lipin, Boris"]
[Result "0-1"]
[WhiteElo "1424"]
[BlackElo "1694"]
[PlyCount "50"]
[EventDate "2012.08.18"]
[EventType "swiss"]
[EventRounds "9"]
[EventCountry "GER"]
[SourceTitle "CBM 150 Extra"]
[Source "ChessBase"]
[SourceDate "2012.10.19"]
[SourceVersion "1"]
[SourceVersionDate "2012.10.19"]
[SourceQuality "1"]

1. e4 e5 2. Nf3 Nc6 3. Bb5 a6 4. Bxc6 dxc6 5. 0-0 Bg4 6. d3 Qf6 7. Nbd2 Bc5 8. c3 0-0-0 9. Qc2 h6 10. h3 Bh5 11. b4 Ba7 12. Bb2 Qe6 13. d4 f6 14. dxe5 g5 15. exf6 g4 16. hxg4 Bxg4 17. Nh4 Nxf6 18. c4 Rhg8 19. Rfe1 Bh3 20. Bxf6 Qxf6 21. Ndf3 Bxg2 22. e5 Bxf3+ 23. Kf1 Qxh4 24. Qf5+ Kb8 25. Qxf3 Rgf8 0-1